[Event "AUTO-OPEN-456"]
[Site "http://www.queenalice.com/game.php?id=131932"]
[Date "2006.11.21"]
[Round "1"]
[White "grandeuberlandia"]
[Black "BANJANIN"]
[Result "1-0"]
[WhiteElo "2216"]
[BlackElo "1772"]

1. d4 Nf6 2. c3 d5 3. h3 e6 4. Bf4 c5 5. e3 Be7 6. Nd2 O-O 7. Ngf3 Nc6 8. Bd3 b6
9. Ne5 Bb7 10. Qf3 a5 11. O-O a4 12. Nxc6 Bxc6 13. Rac1 a3 14. b3 b5 15. dxc5
Bxc5 16. Qe2 Qb6 17. Nf3 Rfd8 18. Nd4 Bxd4 19. cxd4 Ne4 20. f3 Nf6 21. Bg5 Rac8
22. Rc5 b4 23. Qf2 Bb7 24. Rb5 Qd6 25. Rxb7 1-0

[Event "AUTO-ADV-430"]
[Site "http://www.queenalice.com/game.php?id=178284"]
[Date "2007.3.7"]
[Round "1"]
[White "carlosot"]
[Black "BANJANIN"]
[Result "1-0"]
[WhiteElo "2085"]
[BlackElo "1766"]

1. d4 Nf6 2. Nf3 g6 3. Bf4 Bg7 4. c4 O-O 5. Nc3 d6 6. e3 Nbd7 7. h3 Re8 8. Be2
c5 9. O-O cxd4 10. exd4 e5 11. dxe5 Nxe5 12. Nxe5 dxe5 13. Qxd8 Rxd8 14. Bxe5
Rd2 15. Rab1 Bf5 16. Rfd1 Rad8 17. Ra1 Ne4 18. Nxe4 Bxe4 19. Bxg7 Kxg7 20. Kf1
Rxd1+ 21. Rxd1 Rxd1+ 22. Bxd1 b6 23. f3 Bb1 24. a3 Bd3+ 25. Be2 Bc2 26. b4 Kf6
27. Kf2 Ke5 28. Ke3 g5 29. g3 f5 30. f4+ gxf4+ 31. gxf4+ Kd6 32. Bd3 Bxd3 33.
Kxd3 h5 34. Kd4 h4 35. c5+ 1-0

[Event "AUTO-ADV-430"]
[Site "http://www.queenalice.com/game.php?id=178285"]
[Date "2007.3.7"]
[Round "1"]
[White "BANJANIN"]
[Black "carlosot"]
[Result "0-1"]
[WhiteElo "1796"]
[BlackElo "2095"]

1. d4 Nf6 2. c4 g6 3. Nc3 d5 4. e3 Bg7 5. Nf3 O-O 6. Bd2 a6 7. Qc2 Bf5 8. Qd1 c6
9. cxd5 cxd5 10. Be2 Nbd7 11. Rc1 Rc8 12. h3 Nb6 13. a3 Nc4 14. Bxc4 dxc4 15.
O-O Bd3 16. Re1 Ne4 17. Nxe4 Bxe4 18. Bb4 a5 19. Bc3 Qd5 20. Kh2 Rfd8 21. Qe2
Bd3 22. Qd2 b6 23. Kg1 a4 24. Bb4 e6 25. Bc3 b5 26. Bb4 f6 27. Bc3 Be4 28. Qd1
Bxf3 29. Qxf3 Qxf3 30. gxf3 e5 31. dxe5 fxe5 32. Red1 Kf7 33. Kf1 Bf6 34. Ke2
Ke6 35. e4 Bg5 36. Rc2 Rxd1 37. Kxd1 Rd8+ 38. Ke2 Rd3 39. Bb4 Bf4 40. Bc3 g5 41.
Bb4 Kf6 42. Bd2 Kg6 43. Bxf4 gxf4 44. Rc3 Kh5 45. Kf1 Rxc3 46. bxc3 Kh4 47. Kg2
b4 0-1

[Event "AUTO-ADV-430"]
[Site "http://www.queenalice.com/game.php?id=178300"]
[Date "2007.3.7"]
[Round "1"]
[White "BANJANIN"]
[Black "TinyDemons"]
[Result "0-1"]
[WhiteElo "1796"]
[BlackElo "1722"]

1. d4 d5 2. c4 Nf6 3. Nf3 c6 4. h3 Be6 5. cxd5 Bxd5 6. Nc3 Bxf3 7. gxf3 e6 8. e4
Bb4 9. a3 Bxc3+ 10. bxc3 O-O 11. Bg5 h6 12. Bh4 Nbd7 13. e5 g5 14. Qd2 Nh7 15.
Rg1 Kh8 16. Bg3 Qa5 17. Bd3 Rad8 18. h4 f6 19. Bxh7 Kxh7 20. hxg5 fxg5 21. Qd3+
Rf5 22. Ke2 Kh8 23. Qc4 Nf8 24. Qb4 Qd5 25. Qxb7 Qxf3+ 26. Kd2 Rd7 27. Qb8 c5
28. Kc2 Rb7 29. Qd6 Qe2+ 30. Kc1 Qb2+ 0-1

[Event "AUTO-ADV-430"]
[Site "http://www.queenalice.com/game.php?id=178301"]
[Date "2007.3.7"]
[Round "1"]
[White "TinyDemons"]
[Black "BANJANIN"]
[Result "1-0"]
[WhiteElo "1776"]
[BlackElo "1789"]

1. Nf3 Nf6 2. d4 g6 3. Nc3 Bg7 4. e4 d6 5. Bd3 Bg4 6. d5 c6 7. h3 Bxf3 8. Qxf3
O-O 9. Be3 cxd5 10. exd5 Nbd7 11. Rd1 Ne5 12. Qe2 Nxd3+ 13. Rxd3 a6 14. O-O Nd7
15. Bg5 Re8 16. Re1 f6 17. Bf4 b5 18. Re3 Ne5 19. a3 Rc8 20. Bxe5 fxe5 21. Ne4
Bf6 22. Rg3 Qc7 23. c3 Kg7 24. Qg4 Qc4 25. h4 Qxd5 26. h5 Qf7 27. Rf3 Rc4 28. b3
Rc7 29. Ng5 Qxb3 30. Ne6+ Kf7 31. Nxc7 Rd8 32. hxg6+ hxg6 33. Rh3 Rg8 34. Rh7+
Rg7 35. Rxg7+ Bxg7 36. Qf3+ Bf6 37. Qd5+ 1-0

[Event "AUTO-ADV-430"]
[Site "http://www.queenalice.com/game.php?id=178302"]
[Date "2007.3.7"]
[Round "1"]
[White "BANJANIN"]
[Black "emiliano"]
[Result "1-0"]
[WhiteElo "1766"]
[BlackElo "1758"]

1. d4 g6 2. c4 Bg7 3. Nc3 d6 4. e4 Nd7 5. f3 e6 6. Be3 b6 7. Qd2 h6 8. Bd3 Ne7
9. Nge2 Bb7 10. O-O-O a6 11. a4 c5 12. d5 e5 13. g4 g5 14. h4 f6 15. hxg5 fxg5
16. Ng3 O-O 17. Rh2 Rxf3 18. Nf5 Qf8 19. Nxd6 Rb8 20. Rdh1 Rf6 21. Nf5 Nxf5 22.
gxf5 Qe7 23. Ne2 Kf7 24. Ng3 Rh8 25. Nh5 Rd6 26. Nxg7 Kxg7 27. Qg2 Nf8 28. Bxg5
Qxg5+ 29. Qxg5+ 1-0

[Event "AUTO-ADV-430"]
[Site "http://www.queenalice.com/game.php?id=178303"]
[Date "2007.3.7"]
[Round "1"]
[White "emiliano"]
[Black "BANJANIN"]
[Result "1-0"]
[WhiteElo "1793"]
[BlackElo "1762"]

1. e4 c5 2. c3 Nf6 3. e5 Nd5 4. d4 cxd4 5. Nf3 e6 6. cxd4 Nc6 7. a3 Qa5+ 8. Bd2
Qb6 9. Bc3 Nxc3 10. Nxc3 Qxb2 11. Qc1 Qxc1+ 12. Rxc1 Bxa3 13. Ra1 Bb2 14. Nb5
Bxa1 15. Nc7+ Kd8 16. Nxa8 Nxd4 17. Ng5 Ke7 18. Nc7 h6 19. Ne4 a6 20. Na8 Nc6
21. Nb6 Bxe5 22. Be2 Bc7 23. Nxc8+ Rxc8 24. Nc5 Rb8 25. O-O d6 26. Ne4 f5 27.
Ng3 b5 28. Rc1 Kd7 29. Nh5 g6 30. Nf6+ Ke7 31. Rxc6 Kxf6 32. Rxc7 d5 33. Rc6 1-0

[Event "AUTO-OPEN-421"]
[Site "http://www.queenalice.com/game.php?id=196348"]
[Date "2007.4.13"]
[Round "2"]
[White "BANJANIN"]
[Black "Shydo"]
[Result "1-0"]
[WhiteElo "1792"]
[BlackElo "1739"]

1. d4 Nf6 2. c4 g6 3. Nc3 Bg7 4. e4 d6 5. Nf3 O-O 6. Be3 Bg4 7. Be2 Bxf3 8. Bxf3
e5 9. d5 c6 10. O-O cxd5 11. cxd5 a6 12. a4 Nbd7 13. Be2 Nb6 14. Qb3 Nfd7 15.
Rac1 Nc5 16. Bxc5 dxc5 17. Rfd1 Rc8 18. d6 c4 19. Qc2 Rc6 20. Nd5 Nxd5 21. Rxd5
Rxd6 22. Qxc4 Rxd5 23. Qxd5 Qxd5 24. exd5 Rd8 25. Bf3 f5 26. b4 e4 27. Be2 Rxd5
28. Bc4 Bf6 29. Bxd5+ 1-0

[Event "AUTO-OPEN-421"]
[Site "http://www.queenalice.com/game.php?id=196349"]
[Date "2007.4.13"]
[Round "2"]
[White "Shydo"]
[Black "BANJANIN"]
[Result "1-0"]
[WhiteElo "1675"]
[BlackElo "1807"]

1. d4 Nf6 2. c4 g6 3. Nc3 Bg7 4. e4 d6 5. Nf3 O-O 6. Bd3 Bg4 7. O-O Nbd7 8. e5
dxe5 9. dxe5 Nxe5 10. Be4 Qxd1 11. Rxd1 Nxc4 12. Bxb7 Rab8 13. Bc6 Bxf3 14. gxf3
Nxb2 15. Rd2 Nc4 16. Re2 e6 17. Rb1 Rxb1 18. Nxb1 Nd5 19. Bxd5 exd5 20. Re7 Be5
21. Bh6 Rb8 22. Kg2 Bg7 23. Bxg7 Kxg7 24. Nc3 Rb2 25. Rxc7 Ne3+ 26. Kg3 Nf5+ 27.
Kg2 d4 28. Ne4 d3 29. Rxa7 d2 30. Nxd2 Rxd2 31. a4 Ra2 32. a5 Nd4 33. a6 Nb5 34.
Ra8 Nc7 35. Ra7 Nxa6 36. f4 Nb4 37. Rxa2 Nxa2 38. Kg3 h5 39. h4 Kf6 40. Kf3 Kf5
41. Kg3 1-0

[Event "AUTO-OPEN-421"]
[Site "http://www.queenalice.com/game.php?id=196350"]
[Date "2007.4.13"]
[Round "2"]
[White "BANJANIN"]
[Black "Marius007"]
[Result "1-0"]
[WhiteElo "1771"]
[BlackElo "1925"]

1. d4 d5 2. c4 c6 3. cxd5 cxd5 4. Nc3 Nf6 5. Nf3 a6 6. g3 e6 7. Bg2 b5 8. O-O
Bd6 9. Re1 O-O 10. e4 dxe4 11. Nxe4 Nxe4 12. Rxe4 Bb7 13. Re2 1-0

[Event "AUTO-OPEN-421"]
[Site "http://www.queenalice.com/game.php?id=196351"]
[Date "2007.4.13"]
[Round "2"]
[White "Marius007"]
[Black "BANJANIN"]
[Result "0-1"]
[WhiteElo "1925"]
[BlackElo "1744"]

1. Nf3 Nf6 2. c4 g6 3. g3 Bg7 4. Bg2 O-O 5. O-O d6 6. Nc3 Nbd7 7. d4 c5 8. d5
Re8 9. h3 Nb6 10. Qd3 e6 11. e4 exd5 12. cxd5 c4 13. Qc2 Bd7 0-1

[Event "Let's Play Chess!"]
[Site "http://www.queenalice.com/game.php?id=537786"]
[Date "2009.2.9"]
[Round "-"]
[White "CampbellMarcel"]
[Black "BANJANIN"]
[Result "0-1"]
[WhiteElo "1244"]
[BlackElo "1775"]

1. e4 c5 2. Nf3 d6 3. d4 cxd4 4. Nxd4 Nf6 5. Bd3 e5 6. Nb3 Nc6 7. c3 Be7 8. O-O
O-O 9. Bg5 h6 10. Bh4 a6 11. Na3 b5 12. h3 Nh7 0-1

[Event "Let's Play Chess!"]
[Site "http://www.queenalice.com/game.php?id=537787"]
[Date "2009.2.9"]
[Round "-"]
[White "BANJANIN"]
[Black "CampbellMarcel"]
[Result "1-0"]
[WhiteElo "1773"]
[BlackElo "1246"]

1. d4 Nf6 2. c4 c5 3. d5 d6 4. Nc3 e6 5. e4 exd5 6. exd5 Bg4 7. Nf3 Be7 8. Be2
O-O 9. h3 Bh5 10. g4 Bg6 11. O-O 1-0

[Event "AUTO-ADV-1213"]
[Site "http://www.queenalice.com/game.php?id=537865"]
[Date "2009.2.9"]
[Round "1"]
[White "Herivelto"]
[Black "BANJANIN"]
[Result "1-0"]
[WhiteElo "1846"]
[BlackElo "1727"]

1. Nf3 Nf6 2. c4 g6 3. b3 Bg7 4. Bb2 O-O 5. g3 d6 6. Bg2 c6 7. O-O Bg4 8. Nc3
Nbd7 9. d3 a5 10. a3 h5 11. Re1 e5 12. Ng5 Bh6 13. Nge4 d5 14. cxd5 Nxd5 15.
Nxd5 cxd5 16. Nc3 Nb6 17. Nb5 Re8 18. Rc1 Rc8 19. Rxc8 Nxc8 20. Qc2 Nd6 21. Nxd6
Qxd6 22. a4 Rc8 23. Qb1 Bf5 24. e4 1-0

[Event "AUTO-ADV-1213"]
[Site "http://www.queenalice.com/game.php?id=537866"]
[Date "2009.2.9"]
[Round "1"]
[White "BANJANIN"]
[Black "Herivelto"]
[Result "0-1"]
[WhiteElo "1739"]
[BlackElo "1834"]

1. d4 e6 2. c4 c5 3. e3 cxd4 4. exd4 b6 5. Nc3 Bb4 6. Qf3 Nc6 7. Be3 Nf6 8. g3
O-O 9. Bg2 Bb7 10. Qd1 Qc8 11. Nf3 Ng4 12. O-O Nxe3 13. fxe3 Ne7 14. a3 Bd6 15.
e4 Qxc4 16. e5 Bc7 17. Rc1 Nf5 18. Ne2 Qd5 19. Rxc7 Ne3 20. Qd2 Nxf1 21. Kxf1
Rac8 22. Nh4 Rxc7 23. Bxd5 Bxd5 0-1

[Event "AUTO-ADV-1213"]
[Site "http://www.queenalice.com/game.php?id=537881"]
[Date "2009.2.9"]
[Round "1"]
[White "BANJANIN"]
[Black "Isambard"]
[Result "0-1"]
[WhiteElo "1757"]
[BlackElo "1896"]

1. d4 d5 2. c4 h6 3. e3 Nf6 4. Nc3 e6 5. Nf3 Bb4 6. Qc2 Bd7 7. a3 Bxc3+ 8. bxc3
O-O 9. cxd5 exd5 10. c4 dxc4 11. Bxc4 Bc6 12. Ne5 Bxg2 13. Nxf7 Rxf7 14. Bxf7+
Kxf7 15. Rg1 Be4 16. Qb3+ Bd5 17. Qb4 b6 18. Bb2 a5 19. Qc3 Ne4 20. Qc2 c6 21.
f3 Qh4+ 22. Kf1 Qh3+ 23. Qg2 Qxg2+ 24. Rxg2 Ng5 25. e4 Bc4+ 26. Kf2 Nd7 27. h4
Ne6 28. d5 cxd5 29. exd5 Bxd5 30. Rd1 Bc6 31. Kg3 Rf8 32. Rgd2 Ndc5 33. Rd6 Rc8
34. Kg4 h5+ 0-1

[Event "AUTO-ADV-1213"]
[Site "http://www.queenalice.com/game.php?id=537882"]
[Date "2009.2.9"]
[Round "1"]
[White "Isambard"]
[Black "BANJANIN"]
[Result "1-0"]
[WhiteElo "1905"]
[BlackElo "1779"]

1. e4 c5 2. Nc3 d6 3. h3 Nc6 4. Bc4 e6 5. d3 a6 6. Nf3 b5 7. Bb3 Nf6 8. Bg5 Be7
9. Qd2 h6 10. Be3 O-O 11. Bxh6 gxh6 12. Qxh6 Nh7 13. h4 Ne5 14. Nxe5 dxe5 15.
Rh3 Kh8 16. Qh5 b4 17. Ne2 Bf6 18. O-O-O Qe7 19. Kb1 Bd7 20. g4 Rg8 21. Rg1 Kg7
22. g5 Bxg5 23. hxg5 Rh8 24. Qh6+ Kg8 25. g6 1-0

[Event "AUTO-ADV-1213"]
[Site "http://www.queenalice.com/game.php?id=537883"]
[Date "2009.2.9"]
[Round "1"]
[White "BANJANIN"]
[Black "arvo1938"]
[Result "0-1"]
[WhiteElo "1747"]
[BlackElo "1944"]

1. d4 Nf6 2. c4 e6 3. Nc3 Bb4 4. Qc2 O-O 5. Bg5 h6 6. Bxf6 Qxf6 7. e4 e5 8. d5
d6 9. h3 c6 10. Nf3 cxd5 11. cxd5 Nd7 12. Be2 Bxc3+ 13. Qxc3 Nc5 14. Qc2 b6 15.
b4 Nd7 16. a4 a5 17. bxa5 bxa5 18. Rc1 Nc5 19. Bb5 Ba6 20. Bxa6 Rxa6 21. O-O Qf4
22. Nd2 g5 23. g3 Qf6 24. Nc4 Rb8 25. Nxd6 Qxd6 26. Qxc5 Rb4 27. Qc8+ Kg7 28.
Qe8 Rb8 29. Rc8 Rxc8 30. Qxc8 Rb6 31. Rc1 Qb4 32. Rc4 Qe1+ 33. Kg2 Rb1 34. Kf3
Rb2 0-1

[Event "AUTO-ADV-1213"]
[Site "http://www.queenalice.com/game.php?id=537884"]
[Date "2009.2.9"]
[Round "1"]
[White "arvo1938"]
[Black "BANJANIN"]
[Result "1-0"]
[WhiteElo "1903"]
[BlackElo "1768"]

1. e4 c5 2. Nf3 d6 3. d4 cxd4 4. Nxd4 Nf6 5. Nc3 a6 6. Be2 Nc6 7. a4 e5 8. Nf3
Be7 9. a5 Nxa5 10. O-O O-O 11. Bg5 Nc6 12. Bxf6 Bxf6 13. Nd5 Be6 14. c4 h6 15.
Qd2 Bxd5 16. cxd5 Ne7 17. b4 b5 18. Rfc1 Qb6 19. Qe3 Qxe3 20. fxe3 Rfc8 21. h4
Rxc1+ 22. Rxc1 Nc8 23. g4 a5 24. bxa5 b4 25. Rb1 Rxa5 26. Rxb4 Kf8 27. Rb8 Rc5
28. g5 hxg5 29. hxg5 Be7 30. Ba6 1-0